000 01088nam a22003137a 4500
003 CHAP
005 20220329135524.0
008 971013s1980 r 00010 d
010 _a38016
011 _a38988
035 _a43108
040 _cCHAP
090 _aTesis
100 0 0 _aQuintanilla Salazar, José Horacio.
_993407
245 _aEstudio de factibilidad para el establecimiento de una granja coturnícola de tipo integral en el área metropolitana de Monterrey
260 _aMonterrey, N. L. :
_bEl autor,
_c1980
300 _a50 h.
502 _aTesis (Ing. Agr. Administrador) -- ITESM. División de Ciencias Agropecuarias y Marítimas
590 _aALEPH
_b10
_c20130110
_lUCH01
_h1303
590 _aBATCH-UPD
_b10
_c20130110
_lUCH01
_h1705
590 _aBATCH-UPD
_b10
_c20130410
_lUCH01
_h1052
590 _aBATCH-UPD
_b10
_c20130914
_lUCH01
_h0444
590 _aCONVERSION
_b10
_c20130109
_lUCH01
_h1321
650 1 4 _aAves de corral
_xJaulas y equipo.
_98656
650 1 4 _aCodorniz.
_924300
901 _aBK
942 _cTESIS
949 _bBC
_cTES
_d-98989
_eTS1
_i43108
_si
999 _c38016
_d38016